| 000 | 00531nam a2200181Ia 4500 | ||
|---|---|---|---|
| 008 | 090123s9999 xx 000 0 und d | ||
| 082 | _b40566 | ||
| 100 | _aआिंगळे व.न. | ||
| 245 | _aज्ञानतपस्वी | ||
| 250 | _a0 | ||
| 260 |
_bसाकेत प्रकाशन _c2006 |
||
| 300 | _a496 | ||
| 600 | _aआिंगळे व.न. | ||
| 630 | _aज्ञानतपस्वी | ||
| 700 | _aआिंगळे व.न. | ||
| 730 | _aज्ञानतपस्वी | ||
| 942 | _cBOOK | ||
| 999 |
_c78640 _d78640 |
||